Стилистика научной речи и литературное редактирование научных произведений: учебное пособие

Detaylı Bibliyografya
Yazar: Сенкевич М. П. Майя Петровна
Dil:Rusça
Baskı/Yayın Bilgisi: Москва, Высшая школа, 1976
Konular:
Materyal Türü: Kitap
KOHA link:https://koha.lib.tpu.ru/cgi-bin/koha/opac-detail.pl?biblionumber=92057

MARC

LEADER 00000nam0a2200000 4500
001 92057
005 20231101213816.0
035 |a (RuTPU)RU\TPU\book\98655 
090 |a 92057 
100 |a 20060306d1976 m y0rusy50 ca 
101 0 |a rus 
102 |a RU 
105 |a y j 001zy 
200 1 |a Стилистика научной речи и литературное редактирование научных произведений  |e учебное пособие  |f М. П. Сенкевич 
210 |a Москва  |c Высшая школа  |d 1976 
215 |a 263 с. 
320 |a Библиогр.: с. 255-262 
606 1 |a Стилистика  |x Языкознание  |2 stltpush  |3 (RuTPU)RU\TPU\subj\57063  |9 74932 
610 1 |a языкознание 
610 1 |a стилистика 
610 1 |a научная речь 
610 1 |a литературное редактирование 
610 1 |a жанры 
610 1 |a учебные пособия 
675 |a Ш107  |v 3 
700 1 |a Сенкевич  |b М. П.  |g Майя Петровна 
801 1 |a RU  |b 63413507  |c 20060306  |g PSBO 
801 2 |a RU  |b 63413507  |c 20220210  |g PSBO 
900 |a Устная и письменная научная речь 
942 |c BK